Energy (Record no. 53301)
[ view plain ]
| 000 -LEADER | |
|---|---|
| fixed length control field | 00513nam a2200193Ia 4500 |
| 001 - CONTROL NUMBER | |
| control field | 55988 |
| 008 - FIXED-LENGTH DATA ELEMENTS--GENERAL INFORMATION | |
| fixed length control field | 140506s9999 xx 000 0 und d |
| 020 ## - INTERNATIONAL STANDARD BOOK NUMBER | |
| International Standard Book Number | 0130932221 |
| 040 ## - CATALOGING SOURCE | |
| Transcribing agency | PK-LaUMT |
| 082 ## - DEWEY DECIMAL CLASSIFICATION NUMBER | |
| Classification number | MAL 333.79 |
| Item number | AUB-E |
| 100 ## - MAIN ENTRY--PERSONAL NAME | |
| Personal name | Aubrecht, Gordon J. |
| 245 ## - TITLE STATEMENT | |
| Title | Energy |
| Remainder of title | physical, environmental, and social impact |
| Statement of responsibility, etc | Aubrecht, Gordon J. |
| 250 ## - EDITION STATEMENT | |
| Edition statement | 3rd |
| 260 ## - PUBLICATION, DISTRIBUTION, ETC. (IMPRINT) | |
| Place of publication, distribution, etc | San Francisco,USA: |
| Name of publisher, distributor, etc | Pearson\addison Wesley, |
| Date of publication, distribution, etc | 2006 |
| 300 ## - PHYSICAL DESCRIPTION | |
| Extent | 673 p. |
| 546 ## - LANGUAGE NOTE | |
| Language note | EN |
| 650 ## - SUBJECT ADDED ENTRY--TOPICAL TERM | |
| Topical term or geographic name as entry element | Power sources |
| 942 ## - ADDED ENTRY ELEMENTS (KOHA) | |
| Koha item type | Books |
| Withdrawn status | Lost status | Damaged status | Not for loan | Home library | Current library | Date acquired | Total Checkouts | Full call number | Barcode | Date last seen | Price effective from | Koha item type |
|---|---|---|---|---|---|---|---|---|---|---|---|---|
| UMT Main Campus | UMT Main Campus | 2014-05-06 | MAL 333.79 AUB-E | 75127 | 2014-05-08 | 2014-05-08 | Books |
